Dans quel ville vivent ces héros de série ? - Statistiques

Statistiques générales
  • Ce quiz a été pris 129 fois
    108 depuis la dernière actualisation
  • Le résultat moyen est 6 sur 15
Statistiques - réponses
Premier mots Dessin animé % Correct
Homer Simpson Springfield
86%
Chandler Bing New York
85%
Batman Gotham City
83%
Sherlock Holmes Londres
83%
Bree Van de Kamp Fairview
45%
Eric Cartman South Park
42%
Rolland Marci Marseille
29%
Aladdin Agrabah
23%
Brandon Walsh Beverly Hills
22%
Olivier Atom Fujisawa
18%
Buffy Summers Sunnydale
18%
Sheldon Cooper Pasadena
16%
Will Byers Hawkins
10%
Peter Griffin Quahog
8%
Rachel Berry Lima
2%
Aucun quiz correspondant
Distribution des résultats
% des personnes avec chaque résultat
Percentile par nombre de réponses
Votre historique - résultats
Vous n’avez pas pris ce quiz depuis la dernière actualisation